Statistics for Can you name all these animals? #2

Click here to take the quiz!

General Stats

  • This quiz has been taken 46 times
    (28 since last reset)
  • The average score is 16 of 20

Answer Stats

Answer% Correct
Fox
96%
Cat
91%
Elephant
91%
Horse
91%
Lion
91%
Owl
91%
Cow
87%
Eagle
87%
Bear
83%
Hippo
83%
Mole
78%
Giraffe
74%
Parrot
74%
Sheep
74%
Chimp
70%
Guinea Pig
70%
Hedgehog
70%
Lemur
70%
Zebra
70%
Humming bird
30%

Score Distribution

Percentile by Number Answered

Percent of People with Each Score

Your Score History

You have not taken this quiz since the last reset